Country Letter Trios Quiz Stats

 Plays Quiz Updated Dec 29, 2018

Support Sporcle.
Go Orange.
Score 0/30 Timer 05:00
6 Plays Today
Letters Countries % Correct
BELBelarus, Belgium, Belize
99.5%
RUSBelarus, Cyprus, Russia
98.5%
GREGreece, Grenada, St. Vincent And The Gren.
97.5%
DOMDominica, Dominican Republic, United Kingdom
97.1%
OMAOman, Romania, Somalia
93.2%
URKBurkina Faso, Turkey, Turkmenistan
89.4%
IRAIran, Iraq, United Arab Emirates
88.9%
ESTEstonia, Palestine, Timor-Leste
87.8%
SOUSouth Africa, South Korea, South Sudan
87.4%
ALIAustralia, Mali, Somalia
85.9%
URUBurundi, Nauru, Uruguay
83.1%
NICDominica, Dominican Republic, Nicaragua
82.4%
LIAAustralia, Mongolia, Somalia
81.8%
MANGermany, Oman, Romania
81.3%
MORComoros, Morocco, Timor-Leste
81%
Letters Countries % Correct
MENArmenia, Turkmenistan, Yemen
81%
DORAndorra, Ecuador, El Salvador
80.5%
ADACanada, Grenada, Madagascar
76.8%
DANJordan, South Sudan, Sudan
76.1%
BANAlbania, Bangladesh, Lebanon
76%
WANBotswana, Rwanda, Taiwan
75.3%
TEDUnited Arab Emirates, United Kingdom, United States
74.4%
NDSMarshall Islands, Netherlands, Solomon Islands
72.9%
REAEritrea, North Korea, South Korea
69.8%
UDAAntigua and Barbuda, South Sudan, Sudan
69.7%
AMABahamas, Jamaica, Panama
68.9%
NGAHungary, Singapore, Tonga
61.4%
AURMauritania, Mauritius, Nauru
59.3%
RITEritrea, Mauritania, Mauritius
58.6%
UATEquatorial Guinea, Guatemala, Vanuatu
56.9%

From the Vault

Sitcom Characters 7-to-1

by samc67

Do sitcom characters realize they're being funny?
Remove Ads.
Support Sporcle.
Get the best of Sporcle when you Go Orange. This ad-free experience offers more features, more stats, and more fun while also helping to support Sporcle. Thank you for becoming a member.

Show Comments

Extras

Top Quizzes Today


Score Distribution

Your Account Isn't Verified!

In order to create a playlist on Sporcle, you need to verify the email address you used during registration. Go to your Sporcle Settings to finish the process.

Report this User

Report this user for behavior that violates our Community Guidelines.

Details: